000 00580nam a2200205Ii 4500
003 JO-AjNU
008 230606s9999||||xx |||||||||||||| ||und||
020 _a978-81-203-3504-2
040 _aJO-AjNU
_beng
_erda
_cJO-AjNU
041 _aeng
050 1 4 _aQA76.73.2008
100 3 _aPelland,patrice,
_eauthor
_9262
245 0 0 _aBuild a program NOW
264 3 1 _aNewDelhi:PHLLearning ,2008
300 _a244p
336 _atext
_btxt
_2rdacontent
337 _aunmediated
_bn
_2rdamedia
338 _avolume
_bnc
_2rdacarrier
650 4 _a BASIC (Computer program language) 
_9263
999 _aE137
_c137
_d137